Unwali jua chadar (Record no. 3315)

MARC details
000 -LEADER
fixed length control field 00485cam a2200193ua 4500
001 - CONTROL NUMBER
control field 3474
005 - DATE AND TIME OF LATEST TRANSACTION
control field 20260515113701.0
008 - FIXED-LENGTH DATA ELEMENTS--GENERAL INFORMATION
fixed length control field 111116n ii |||gr||||Z||||||asm
040 ## - CATALOGING SOURCE
Transcribing agency MAIN
082 ## - DEWEY DECIMAL CLASSIFICATION NUMBER
Classification number 891.4513
100 ## - MAIN ENTRY--PERSONAL NAME
Personal name Mahanta, Joyshree Goswami,
245 11 - TITLE STATEMENT
Title Unwali jua chadar
Statement of responsibility, etc. by Joyshree Goswami Mahanta
250 ## - EDITION STATEMENT
Edition statement 1st.
260 ## - PUBLICATION, DISTRIBUTION, ETC.
Place of publication, distribution, etc. Guwahati:
Name of publisher, distributor, etc. Abhiruchi Prakash,996.
300 ## - PHYSICAL DESCRIPTION
Extent 80p:
Dimensions 23cm.
653 ## - INDEX TERM--UNCONTROLLED
Uncontrolled term Assamese novel
653 ## - INDEX TERM--UNCONTROLLED
Uncontrolled term Unwali jua chadar
942 ## - ADDED ENTRY ELEMENTS (KOHA)
Koha item type Books
Holdings
Withdrawn status Lost status Damaged status Not for loan Home library Current library Shelving location Date acquired Total checkouts Full call number Barcode Date last seen Copy number Price effective from Koha item type
        Naharkatiya College Library Naharkatiya College Library General stacks 09/19/2020   891.4513 | MAH 9875 09/19/2020 1 09/19/2020 Books